[Event "Rohde op 08th"]
[Site "Sautron"]
[Date "2008.10.26"]
[Round "2"]
[White "Schone, Claude"]
[Black "Katz, Frederic"]
[Result "1-0"]
[WhiteElo "1859"]
[BlackElo "2097"]
[PlyCount "55"]
[EventDate "2008.10.25"]
[EventType "swiss"]
[EventRounds "9"]
[EventCountry "FRA"]
[SourceTitle "EXT 2009"]
[Source "ChessBase"]
[SourceDate "2008.11.26"]
[SourceVersion "1"]
[SourceVersionDate "2008.11.26"]
[SourceQuality "1"]

1. d4 c5 2. d5 g6 3. Nf3 Bg7 4. h3 Nf6 5. Nc3 b5 6. e3 a6 7. a4 b4 8. Nb1 0-0 9. Bc4 d6 10. 0-0 e6 11. dxe6 fxe6 12. Qe2 d5 13. Ba2 a5 14. c4 bxc3 15. Nxc3 Ba6 16. Nb5 Nc6 17. Ng5 Qe7 18. Rd1 Nb4 19. Bb1 Ne8 20. Qg4 Bc8 21. Nxh7 Kxh7 22. Qxg6+ Kg8 23. Qh7+ Kf7 24. Bg6+ Kf6 25. Qh4+ Kxg6 26. Qxe7 Rh8 27. e4 Bf6 28. Qxc5 1-0

[Event "Orsay op"]
[Site "Orsay"]
[Date "2008.03.08"]
[Round "6"]
[White "Katz, Frederic"]
[Black "Guilleux, Fabien"]
[Result "0-1"]
[WhiteElo "2094"]
[BlackElo "2345"]
[PlyCount "90"]
[EventDate "2008.03.06"]
[EventType "swiss"]
[EventRounds "7"]
[EventCountry "FRA"]
[SourceTitle "EXT 2010"]
[Source "ChessBase"]
[SourceDate "2010.11.25"]
[SourceVersion "1"]
[SourceVersionDate "2010.11.25"]
[SourceQuality "1"]

1. e4 c5 2. Nf3 e6 3. b3 a6 4. a4 Nc6 5. Bb2 d6 6. Na3 b6 7. d4 cxd4 8. Nxd4 Bb7 9. Be2 Nf6 10. 0-0 Be7 11. Nxc6 Bxc6 12. e5 dxe5 13. Bxe5 Nd7 14. Nc4 Nxe5 15. Qxd8+ Bxd8 16. Nxe5 Bb7 17. Rad1 f6 18. Bf3 Bxf3 19. Nxf3 e5 20. Rd5 Be7 21. Rfd1 Ra7 22. Kf1 Kf7 23. Ke2 Ke6 24. c4 Rb8 25. Kd3 Rc7 26. Nd2 Rc5 27. Rxc5 Bxc5 28. f3 f5 29. Ke2 Rd8 30. Nf1 Rxd1 31. Kxd1 e4 32. fxe4 fxe4 33. Ke2 Ke5 34. Ng3 Kd4 35. Kd2 Bb4+ 36. Ke2 g6 37. h3 Bd6 38. Nf1 Bf4 39. a5 bxa5 40. Nd2 Bxd2 41. Kxd2 a4 42. bxa4 Kxc4 43. Ke3 Kd5 44. a5 Ke5 45. g3 Kd5 0-1

[Event "Fouesnant op 10th"]
[Site "Fouesnant"]
[Date "2004.10.30"]
[Round "9"]
[White "Katz, Frederic"]
[Black "Lavanant, Alexandre"]
[Result "0-1"]
[WhiteElo "2105"]
[BlackElo "1770"]
[PlyCount "58"]
[EventDate "2004.10.23"]
[EventType "swiss"]
[EventRounds "9"]
[EventCountry "FRA"]
[SourceTitle "EXT 2007"]
[Source "ChessBase"]
[SourceDate "2006.11.23"]
[SourceVersion "1"]
[SourceVersionDate "2006.11.23"]
[SourceQuality "1"]

1. e4 d5 2. Nc3 dxe4 3. Nxe4 Qd5 4. Qf3 Nc6 5. Nc3 Qa5 6. Bb5 Bd7 7. b4 Qxb4 8. Rb1 Qg4 9. Bxc6 bxc6 10. Qxg4 Bxg4 11. Ba3 0-0-0 12. Bc5 a6 13. Nge2 Nf6 14. Nd4 e5 15. Nb3 Nd5 16. Ne4 f5 17. Ng5 Bxc5 18. Nxc5 Bh5 19. Nge6 Rd6 20. c4 Nb6 21. d3 Nd7 22. f3 e4 23. fxe4 fxe4 24. Nxd7 Kxd7 25. Nc5+ Kc8 26. dxe4 Re8 27. 0-0 Bg6 28. Rfe1 Rd4 29. e5 Bxb1 0-1

[Event "Calvi Balagne op 01st"]
[Site "Calvi"]
[Date "2004.??.??"]
[Round "2"]
[White "Galdunts, Sergey"]
[Black "Katz, Frederic"]
[Result "1-0"]
[WhiteElo "2506"]
[BlackElo "2114"]
[PlyCount "39"]
[EventDate "2004.02.21"]
[EventType "swiss"]
[EventRounds "9"]
[EventCountry "FRA"]
[SourceTitle "CBM 098 Extra"]
[Source "ChessBase"]
[SourceDate "2004.03.10"]
[SourceVersion "2"]
[SourceVersionDate "2004.03.10"]
[SourceQuality "1"]

1. e4 c5 2. Nf3 Nc6 3. Bb5 Qb6 4. Nc3 e6 5. 0-0 Nge7 6. Re1 Nd4 7. a4 Nxb5 8. axb5 d6 9. d4 Bd7 10. dxc5 dxc5 11. Ne5 Qd8 12. Bg5 f6 13. Bxf6 gxf6 14. Qh5+ Ng6 15. Nxg6 hxg6 16. Qxg6+ Ke7 17. Nd5+ exd5 18. exd5+ Be6 19. Rxe6+ Kd7 20. Qf7+ 1-0

[Event "Montigny le Bretonneux Noel op 06th"]
[Site "Montigny le Bretonneux"]
[Date "2003.12.26"]
[Round "1"]
[White "Bonnuit, Sylvain"]
[Black "Katz, Frederic"]
[Result "0-1"]
[WhiteElo "1640"]
[BlackElo "2114"]
[PlyCount "64"]
[EventDate "2003.12.26"]
[EventType "swiss"]
[EventRounds "6"]
[EventCountry "FRA"]
[SourceTitle "CBM 097 Extra"]
[Source "ChessBase"]
[SourceDate "2004.01.13"]
[SourceVersion "1"]
[SourceVersionDate "2004.01.13"]
[SourceQuality "1"]

1. c4 c5 2. Nc3 Nc6 3. Nf3 Nf6 4. d4 cxd4 5. Nxd4 g6 6. e4 Bg7 7. Nc2 0-0 8. Be2 d6 9. 0-0 Be6 10. Ne3 Qb6 11. Ned5 Bxd5 12. exd5 Ne5 13. Qc2 Rfc8 14. Be3 Qd8 15. b3 a6 16. Na4 Nxd5 17. Qd2 Nxe3 18. Qxe3 Nd7 19. Rfe1 Bxa1 20. Rxa1 Rab8 21. Nc3 Nf6 22. Bf3 b5 23. cxb5 axb5 24. a4 bxa4 25. bxa4 Rb3 26. Rc1 Qc7 27. Ne2 Qxc1+ 28. Nxc1 Rxe3 29. fxe3 Rxc1+ 30. Kf2 d5 31. Be2 Ne4+ 32. Kf3 Nc3 0-1

[Event "Syre Memorial op 25th"]
[Site "Issy les Moulineaux"]
[Date "2002.05.10"]
[Round "4"]
[White "Akl, Nabil"]
[Black "Katz, Frederic"]
[Result "0-1"]
[WhiteElo "2203"]
[BlackElo "2124"]
[PlyCount "100"]
[EventDate "2002.05.08"]
[EventType "swiss"]
[EventRounds "7"]
[EventCountry "FRA"]
[SourceTitle "EXT 2004"]
[Source "ChessBase"]
[SourceDate "2003.11.25"]
[SourceVersion "1"]
[SourceVersionDate "2003.11.25"]
[SourceQuality "1"]

1. c4 Nf6 2. Nc3 c5 3. Nf3 Nc6 4. g3 g6 5. Bg2 Bg7 6. 0-0 0-0 7. d4 cxd4 8. Nxd4 Qb6 9. Nb3 d6 10. c5 dxc5 11. Be3 Rd8 12. Qe1 Nd4 13. Na4 Qb5 14. Bxd4 cxd4 15. Qa5 Bd7 16. Nac5 b6 17. Qxb5 Bxb5 18. Bxa8 bxc5 19. Bf3 c4 20. Nd2 e5 21. Rfd1 Nd5 22. Ne4 f5 23. Nc3 Nxc3 24. bxc3 e4 25. Bg2 d3 26. Rac1 Ba4 27. Rd2 Rb8 28. e3 Bf8 29. f3 Ba3 30. Rf1 Bb2 31. Rb1 Bc2 32. Rxb2 Rxb2 33. fxe4 Rxa2 34. exf5 Bb3 35. Rxa2 Bxa2 36. fxg6 d2 37. gxh7+ Kg7 38. Bf3 Bb3 39. Kf2 d1Q 40. Bxd1 Bxd1 41. Ke1 Bg4 42. Kd2 Kxh7 43. Kc1 Kg6 44. Kb2 a5 45. Ka3 Bd7 46. e4 Bc6 47. h4 Kh5 48. e5 Kg4 49. e6 Bb5 50. e7 Be8 0-1

[Event "Montigny le Bretonneux Noel op 04th"]
[Site "Montigny le Bretonneux"]
[Date "2001.12.31"]
[Round "7.1"]
[White "Uhoda, Philippe"]
[Black "Katz, Frederic"]
[Result "1/2-1/2"]
[WhiteElo "2210"]
[BlackElo "2100"]
[PlyCount "57"]
[EventDate "2001.12.26"]
[EventType "swiss"]
[EventRounds "7"]
[EventCountry "FRA"]
[SourceTitle "EXT 2003"]
[Source "ChessBase"]
[SourceDate "2002.11.25"]
[SourceVersion "1"]
[SourceVersionDate "2002.11.25"]
[SourceQuality "1"]

1. d4 Nf6 2. c4 c5 3. d5 b5 4. cxb5 a6 5. e3 d6 6. Nc3 g6 7. a4 Bg7 8. Bc4 0-0 9. Nge2 axb5 10. Bxb5 Na6 11. 0-0 Nb4 12. e4 Ba6 13. f3 Ne8 14. Bxa6 Rxa6 15. Nb5 Qb6 16. Bg5 f6 17. Be3 Nc7 18. Nxc7 Qxc7 19. Nf4 Bh6 20. Qe2 Bxf4 21. Bxf4 Rfa8 22. b3 Qc8 23. h4 e5 24. dxe6 Qxe6 25. Qc4 Qxc4 26. bxc4 Nd3 27. Bg3 Ne5 28. Bxe5 dxe5 29. Rfd1 1/2-1/2

[Event "Montigny le Bretonneux Noel op 04th"]
[Site "Montigny le Bretonneux"]
[Date "2001.12.29"]
[Round "5.4"]
[White "Katz, Frederic"]
[Black "Couronne, Patrice"]
[Result "1-0"]
[WhiteElo "2100"]
[BlackElo "1680"]
[PlyCount "111"]
[EventDate "2001.12.26"]
[EventType "swiss"]
[EventRounds "7"]
[EventCountry "FRA"]
[SourceTitle "EXT 2003"]
[Source "ChessBase"]
[SourceDate "2002.11.25"]
[SourceVersion "1"]
[SourceVersionDate "2002.11.25"]
[SourceQuality "1"]

1. e4 c5 2. Nf3 Nc6 3. d4 cxd4 4. Nxd4 Nf6 5. Nc3 e5 6. Ndb5 d6 7. Bg5 a6 8. Na3 b5 9. Nd5 Qa5+ 10. Bd2 Qd8 11. Bg5 Qa5+ 12. Qd2 Qxd2+ 13. Bxd2 Nxd5 14. exd5 Ne7 15. c4 bxc4 16. Bxc4 Bb7 17. Rd1 Nxd5 18. Bxd5 Bxd5 19. Bb4 Bxg2 20. Rg1 Bf3 21. Rd2 d5 22. Bxf8 Kxf8 23. Rg3 Be4 24. f3 Bg6 25. Rxd5 f6 26. Rd7 Bf7 27. b3 g6 28. Rg2 Kg7 29. Nc4 Rhf8 30. Rgd2 Kh6 31. Rc7 Be6 32. Rd6 Bxc4 33. Rxc4 Kg7 34. Ra4 Rfc8 35. Raxa6 Rxa6 36. Rxa6 Rc2 37. h4 Rb2 38. Kf1 Kf7 39. Kg1 h6 40. Kf1 Rh2 41. a3 Rxh4 42. Kg2 Rd4 43. b4 e4 44. fxe4 Rxe4 45. b5 Re8 46. a4 Rb8 47. Kf3 Ke7 48. Ke4 h5 49. Kd5 h4 50. Ra7+ Ke8 51. Rh7 g5 52. Rh8+ Kd7 53. Rxb8 h3 54. Rb7+ Kc8 55. Rh7 g4 56. Ke4 1-0

[Event "Montigny le Bretonneux Noel op 04th"]
[Site "Montigny le Bretonneux"]
[Date "2001.12.28"]
[Round "4.5"]
[White "Couradin, Bruno"]
[Black "Katz, Frederic"]
[Result "0-1"]
[WhiteElo "1640"]
[BlackElo "2100"]
[PlyCount "128"]
[EventDate "2001.12.26"]
[EventType "swiss"]
[EventRounds "7"]
[EventCountry "FRA"]
[SourceTitle "EXT 2003"]
[Source "ChessBase"]
[SourceDate "2002.11.25"]
[SourceVersion "1"]
[SourceVersionDate "2002.11.25"]
[SourceQuality "1"]

1. c4 Nf6 2. d4 c5 3. e3 g6 4. Nf3 Bg7 5. Be2 0-0 6. Nc3 cxd4 7. exd4 d5 8. 0-0 Nc6 9. h3 h6 10. Be3 Be6 11. b3 Ne4 12. Qc2 Nxc3 13. Qxc3 Rc8 14. Rac1 Qd7 15. Qd2 Kh7 16. Ne5 Nxe5 17. dxe5 dxc4 18. Qxd7 Bxd7 19. Bxc4 Bxe5 20. Rfe1 Bd6 21. a4 a6 22. Bb6 Rc6 23. a5 Bb4 24. Red1 Rd6 25. Rxd6 Bxd6 26. Bd5 Rc8 27. Rxc8 Bxc8 28. Bxf7 e6 29. Kf1 Bd7 30. Bd4 Bb4 31. Ke2 Bxa5 32. h4 h5 33. Ke3 Bb4 34. Kf4 Bd6+ 35. Kg5 e5 36. Bxe5 Bxe5 37. Bxg6+ Kg7 38. Kxh5 Be6 39. Bc2 Bf6 40. g3 b5 41. f4 a5 42. f5 Bf7+ 43. Kg4 Be5 44. Kf3 Bd5+ 45. Kg4 Bg2 46. h5 Kh6 47. Kh4 Bf6+ 48. Kg4 Bg5 49. Bd3 a4 50. bxa4 bxa4 51. Bc4 a3 52. Bf7 Be4 53. Ba2 Bc2 54. Kf3 Kxh5 55. g4+ Kh4 56. Be6 Bd1+ 57. Ke4 Bf6 58. Kd3 Bxg4 59. Kc2 Kg5 60. Kb3 Bb2 61. Bc4 Bxf5 62. Ka2 Kf6 63. Be2 Be6+ 64. Kb1 Be5 0-1